[Event "Astrakhan Region-ch"]
[Site "Astrakhan"]
[Date "2013.10.06"]
[Round "2"]
[White "Marchenko, Nikolay"]
[Black "Nurmukhanov, Timur"]
[Result "1/2-1/2"]
[WhiteElo "1838"]
[BlackElo "2262"]
[PlyCount "82"]
[EventDate "2013.10.05"]
[EventType "swiss"]
[EventRounds "9"]
[EventCountry "RUS"]
[SourceTitle "EXT 2014"]
[Source "ChessBase"]
[SourceDate "2013.11.20"]
[SourceVersion "1"]
[SourceVersionDate "2013.11.20"]
[SourceQuality "1"]

1. d4 Nf6 2. c4 g6 3. Nc3 Bg7 4. e4 d6 5. Nf3 0-0 6. Be2 Nc6 7. 0-0 e5 8. d5 Ne7 9. b4 Nd7 10. a4 f5 11. Ng5 Nf6 12. Bf3 h6 13. Ne6 Bxe6 14. dxe6 fxe4 15. Nxe4 Nxe4 16. Bxe4 c6 17. Qc2 Rf6 18. b5 Qc8 19. Ba3 Qxe6 20. Rad1 Rd8 21. bxc6 bxc6 22. Rd2 Qc8 23. Rfd1 Qc7 24. Bb2 Re6 25. Rd3 Rf8 26. Qd2 Rff6 27. Ba3 Nc8 28. a5 Kh7 29. Rb1 Rf7 30. a6 Nb6 31. Bxd6 Qc8 32. c5 Nc4 33. Qa2 Nxd6 34. cxd6 Ref6 35. f3 Rd7 36. Rbd1 Qb8 37. Qb3 Qd8 38. Qb4 Bf8 39. Bxc6 Rfxd6 40. Rxd6 Bxd6 41. Kh1 Bxb4 1/2-1/2

[Event "Astrakhan Gazprombank-A"]
[Site "Astrakhan"]
[Date "2013.03.09"]
[Round "8"]
[White "Nurmukhanov, Timur"]
[Black "Shaginjan, Armen"]
[Result "1/2-1/2"]
[WhiteElo "2257"]
[BlackElo "2372"]
[PlyCount "24"]
[EventDate "2013.03.02"]
[EventType "tourn"]
[EventRounds "9"]
[EventCountry "RUS"]
[EventCategory "2"]
[SourceTitle "CBM 153 Extra"]
[Source "ChessBase"]
[SourceDate "2013.04.22"]
[SourceVersion "1"]
[SourceVersionDate "2013.04.22"]
[SourceQuality "1"]

1. Nf3 d5 2. g3 Nf6 3. Bg2 e6 4. 0-0 Be7 5. d3 c5 6. Nbd2 Nc6 7. e4 0-0 8. Re1 a6 9. e5 Nd7 10. c3 b5 11. Nf1 Bb7 12. Bf4 b4 1/2-1/2

[Event "Astrakhan Gazprombank-A"]
[Site "Astrakhan"]
[Date "2013.03.06"]
[Round "5"]
[White "Ivlev, Aleksey"]
[Black "Nurmukhanov, Timur"]
[Result "0-1"]
[WhiteElo "2132"]
[BlackElo "2257"]
[PlyCount "106"]
[EventDate "2013.03.02"]
[EventType "tourn"]
[EventRounds "9"]
[EventCountry "RUS"]
[EventCategory "2"]
[SourceTitle "CBM 153 Extra"]
[Source "ChessBase"]
[SourceDate "2013.04.22"]
[SourceVersion "1"]
[SourceVersionDate "2013.04.22"]
[SourceQuality "1"]

1. d4 Nf6 2. g3 g6 3. Bg2 Bg7 4. e4 d6 5. Ne2 0-0 6. 0-0 e5 7. Nbc3 exd4 8. Nxd4 Nbd7 9. Be3 Nc5 10. f3 Re8 11. Qd2 Nfd7 12. b4 Na6 13. a3 Ne5 14. Bf2 Nc4 15. Qd3 Ne5 16. Qe2 c5 17. Ndb5 Be6 18. Qd1 Nc6 19. Rb1 Bc4 20. Re1 cxb4 21. axb4 Naxb4 22. Qd2 a6 23. Na3 d5 24. Nxc4 dxc4 25. Nd5 c3 26. Qd1 Nxd5 27. exd5 Rxe1+ 28. Bxe1 Bd4+ 29. Kh1 Qxd5 30. Rxb7 Qe6 31. g4 Rd8 32. Qb1 Be5 33. Rb6 Bf4 34. Qa1 Qe2 35. Rb1 Bd2 36. Bg3 Nd4 37. Qa5 Re8 38. Qa4 Nxf3 39. Rf1 Ne1 40. Bxe1 Bxe1 41. Qd7 Re7 42. Qd8+ Kg7 43. Qd4+ Qe5 44. Qc4 a5 45. Bd5 f6 46. Qc6 Rc7 47. Qa8 Rd7 48. Qg8+ Kh6 49. Bg2 Rd2 50. h4 Bxh4 51. Qf8+ Kg5 52. Qg7 Rf2 53. Rd1 Rxg2 0-1

[Event "Astrakhan Gazprombank-A"]
[Site "Astrakhan"]
[Date "2013.03.05"]
[Round "4"]
[White "Nurmukhanov, Timur"]
[Black "Tarasova, Viktoriya"]
[Result "1/2-1/2"]
[WhiteElo "2257"]
[BlackElo "2273"]
[PlyCount "75"]
[EventDate "2013.03.02"]
[EventType "tourn"]
[EventRounds "9"]
[EventCountry "RUS"]
[EventCategory "2"]
[SourceTitle "CBM 153 Extra"]
[Source "ChessBase"]
[SourceDate "2013.04.22"]
[SourceVersion "1"]
[SourceVersionDate "2013.04.22"]
[SourceQuality "1"]

1. e4 e5 2. Nf3 Nc6 3. Bb5 a6 4. Ba4 Nf6 5. 0-0 Be7 6. Re1 b5 7. Bb3 d6 8. c3 0-0 9. h3 Nb8 10. d4 Nbd7 11. Nbd2 Bb7 12. Bc2 c5 13. Nf1 cxd4 14. cxd4 exd4 15. Nxd4 Re8 16. Ng3 d5 17. exd5 Bxd5 18. Ndf5 Bf8 19. Be3 Qc7 20. Bb3 Qb7 21. Bxd5 Nxd5 22. Qd4 Nxe3 23. Rxe3 Rxe3 24. Qxe3 Nf6 25. Qg5 Kh8 26. Rd1 Ne8 27. Qf4 g6 28. Ne3 Bg7 29. b3 Nf6 30. Rd6 Qe7 31. Rc6 Kg8 32. Qf3 Qd8 33. Qf4 Nd5 34. Nxd5 Qxd5 35. Qe4 Qd8 36. Qf3 Qe8 37. Qe4 Qd8 38. Qf3 1/2-1/2

[Event "Astrakhan Ritminform Cup-A"]
[Site "Astrakhan"]
[Date "2013.01.13"]
[Round "9"]
[White "Mescheryakov, Andrei"]
[Black "Nurmukhanov, Timur"]
[Result "0-1"]
[WhiteElo "1993"]
[BlackElo "2261"]
[PlyCount "84"]
[EventDate "2013.01.04"]
[EventType "tourn"]
[EventRounds "9"]
[EventCountry "RUS"]
[SourceTitle "EXT 2014"]
[Source "ChessBase"]
[SourceDate "2013.11.20"]
[SourceVersion "1"]
[SourceVersionDate "2013.11.20"]
[SourceQuality "1"]

1. d4 Nf6 2. Bf4 g6 3. Nf3 Bg7 4. c4 0-0 5. e3 c5 6. Nc3 cxd4 7. exd4 d5 8. Be2 dxc4 9. Bxc4 Nbd7 10. 0-0 Nh5 11. Bg5 h6 12. Be3 Nb6 13. Bb3 Nf6 14. Ne5 Nfd5 15. Qf3 Be6 16. Bd2 Rc8 17. Ne4 Nc7 18. Bb4 Bd5 19. Qe2 Bxb3 20. axb3 Ne6 21. Nf3 Nd5 22. Bc3 Qb6 23. Rfd1 a6 24. Ra3 Nef4 25. Qd2 Qe6 26. Re1 Nxg2 27. Kxg2 Qg4+ 28. Ng3 Nf4+ 29. Qxf4 Qxf4 30. Rxe7 Rxc3 31. bxc3 Qd6 32. Rxb7 Qxa3 33. c4 Qd6 34. d5 Rb8 35. c5 Qd8 36. Rxb8 Qxb8 37. c6 f5 38. Ne2 g5 39. Nfd4 Bxd4 40. Nxd4 Qe5 41. f3 Qxd5 42. Nxf5 Qxf5 0-1

[Event "Astrakhan Ritminform Cup-A"]
[Site "Astrakhan"]
[Date "2013.01.11"]
[Round "7"]
[White "Sokolov, Vladimir"]
[Black "Nurmukhanov, Timur"]
[Result "0-1"]
[WhiteElo "2310"]
[BlackElo "2261"]
[PlyCount "58"]
[EventDate "2013.01.04"]
[EventType "tourn"]
[EventRounds "9"]
[EventCountry "RUS"]
[SourceTitle "EXT 2014"]
[Source "ChessBase"]
[SourceDate "2013.11.20"]
[SourceVersion "1"]
[SourceVersionDate "2013.11.20"]
[SourceQuality "1"]

1. e4 c5 2. Nf3 d6 3. d4 cxd4 4. Nxd4 Nf6 5. Nc3 a6 6. Be2 g6 7. Be3 Bg7 8. 0-0 0-0 9. f4 Nc6 10. Nb3 Be6 11. f5 Bc8 12. g4 Nd7 13. Qd2 Re8 14. a4 Nce5 15. a5 b5 16. axb6 Nxb6 17. Na5 Rb8 18. Nd5 Nxd5 19. Qxd5 e6 20. Qd2 exf5 21. gxf5 gxf5 22. exf5 Bf6 23. Ra4 Kh8 24. Rd4 Rg8+ 25. Kh1 Rxb2 26. Rxd6 Qc7 27. Bd1 Nc4 28. Bd4 Qxd6 29. Bxb2 Nxd2 0-1

[Event "RUS-ch U16"]
[Site "Dagomys"]
[Date "2004.04.??"]
[Round "?"]
[White "Tyu, Nikolai"]
[Black "Nurmukhanov, Timur"]
[Result "0-1"]
[WhiteElo "2032"]
[BlackElo "2234"]
[PlyCount "56"]
[EventDate "2004.04.??"]
[EventType "swiss"]
[EventRounds "10"]
[EventCountry "RUS"]
[SourceTitle "EXT 2005"]
[Source "ChessBase"]
[SourceDate "2004.11.15"]
[SourceVersion "1"]
[SourceVersionDate "2004.11.15"]
[SourceQuality "1"]

1. d4 c5 2. d5 d6 3. c4 Nf6 4. Nc3 g6 5. e4 Bg7 6. f4 0-0 7. Nf3 e6 8. Be2 exd5 9. exd5 Bg4 10. 0-0 Nbd7 11. h3 Bxf3 12. Bxf3 a6 13. Qc2 Rb8 14. a4 Nb6 15. b3 Nc8 16. Ra2 Ne7 17. g4 Qd7 18. Nd1 b5 19. axb5 axb5 20. Nc3 bxc4 21. bxc4 Qc7 22. f5 Nd7 23. Be4 Bf6 24. Kg2 g5 25. Be3 Nc8 26. Nd1 Ne5 27. Bd3 Qe7 28. Be2 Nb6 0-1

[Event "RUS-ch U16"]
[Site "Dagomys"]
[Date "2004.04.??"]
[Round "?"]
[White "Zacurdajev, Dmitry"]
[Black "Nurmukhanov, Timur"]
[Result "0-1"]
[WhiteElo "2175"]
[BlackElo "2234"]
[PlyCount "70"]
[EventDate "2004.04.??"]
[EventType "swiss"]
[EventRounds "10"]
[EventCountry "RUS"]
[SourceTitle "EXT 2005"]
[Source "ChessBase"]
[SourceDate "2004.11.15"]
[SourceVersion "1"]
[SourceVersionDate "2004.11.15"]
[SourceQuality "1"]

1. e4 c5 2. Nf3 d6 3. d4 cxd4 4. Qxd4 Bd7 5. c4 Nc6 6. Qe3 Nf6 7. Be2 g6 8. 0-0 Bg7 9. Nc3 0-0 10. h3 a6 11. Rb1 Qa5 12. Nd5 Nxd5 13. exd5 Ne5 14. Nxe5 Bxe5 15. a3 Rac8 16. f4 Bf6 17. b4 Qc7 18. Bb2 Bxb2 19. Rxb2 b5 20. Rc2 e6 21. dxe6 Bxe6 22. f5 Bxf5 23. Rxf5 gxf5 24. Qg5+ Kh8 25. Qf6+ Kg8 26. Rc3 d5 27. Rf3 Rfe8 28. Qg5+ Kf8 29. Qh6+ Kg8 30. Rxf5 Re6 31. Rg5+ Rg6 32. Bd3 bxc4 33. Bxg6 hxg6 34. Rxd5 c3 35. Rc5 Qb6 0-1

[Event "RUS Spartakiad U18"]
[Site "Kazan"]
[Date "2003.??.??"]
[Round "?"]
[White "Nurmukhanov, Timur"]
[Black "Chadaev, Nikolay"]
[Result "0-1"]
[WhiteElo "2260"]
[BlackElo "2383"]
[PlyCount "81"]
[EventDate "2003.??.??"]
[EventType "team"]
[EventRounds "8"]
[EventCountry "RUS"]
[SourceTitle "EXT 2005"]
[Source "ChessBase"]
[SourceDate "2004.11.15"]
[SourceVersion "1"]
[SourceVersionDate "2004.11.15"]
[SourceQuality "1"]

1. e4 g6 2. d4 Bg7 3. Nc3 d6 4. f4 Nf6 5. Nf3 0-0 6. Bd3 c5 7. dxc5 dxc5 8. e5 Nd5 9. Nxd5 Qxd5 10. Qe2 Nc6 11. Be4 Qd8 12. c3 Qc7 13. 0-0 b6 14. Rd1 Rb8 15. Be3 Bb7 16. Bd5 e6 17. Be4 Rbd8 18. Nd2 Ne7 19. Qf3 Nd5 20. c4 Nxe3 21. Qxe3 Ba6 22. Bd3 f6 23. Nf3 fxe5 24. fxe5 Rd7 25. Bf1 Bb7 26. Rxd7 Qxd7 27. Bd3 Bxf3 28. gxf3 Rd8 29. Bf1 Qd2 30. Re1 Qxe3+ 31. Rxe3 Rd2 32. Re2 Rxe2 33. Bxe2 Bxe5 34. b3 Bf4 35. Bd3 Kg7 36. Be4 Kf6 37. Bb7 Ke5 38. Bc8 Kd4 39. Bxe6 Kc3 40. Bd7 Kb2 41. a4 0-1

[Event "RUS Spartakiad U18"]
[Site "Kazan"]
[Date "2003.??.??"]
[Round "?"]
[White "Nurmukhanov, Timur"]
[Black "Ponkratov, Pavel"]
[Result "0-1"]
[WhiteElo "2260"]
[BlackElo "2236"]
[PlyCount "36"]
[EventDate "2003.??.??"]
[EventType "team"]
[EventRounds "8"]
[EventCountry "RUS"]
[SourceTitle "EXT 2005"]
[Source "ChessBase"]
[SourceDate "2004.11.15"]
[SourceVersion "1"]
[SourceVersionDate "2004.11.15"]
[SourceQuality "1"]

1. e4 e5 2. Nf3 Nc6 3. Bb5 f5 4. Nc3 Nf6 5. exf5 e4 6. Nh4 Ne5 7. d4 Nf7 8. Qe2 Bb4 9. 0-0 Qe7 10. Bc4 c6 11. Bxf7+ Kxf7 12. Bg5 d5 13. Bxf6 Qxf6 14. Qh5+ g6 15. Qh6 Bf8 16. Qf4 g5 17. Qe3 gxh4 18. f3 Bh6 0-1

[Event "RUS Spartakiad U18"]
[Site "Kazan"]
[Date "2003.??.??"]
[Round "?"]
[White "Papin, Vasily"]
[Black "Nurmukhanov, Timur"]
[Result "1-0"]
[WhiteElo "2322"]
[BlackElo "2260"]
[PlyCount "107"]
[EventDate "2003.??.??"]
[EventType "team"]
[EventRounds "8"]
[EventCountry "RUS"]
[SourceTitle "EXT 2005"]
[Source "ChessBase"]
[SourceDate "2004.11.15"]
[SourceVersion "1"]
[SourceVersionDate "2004.11.15"]
[SourceQuality "1"]

1. e4 c5 2. Nf3 d6 3. Bb5+ Bd7 4. Bxd7+ Qxd7 5. 0-0 Nc6 6. c3 g6 7. d4 cxd4 8. cxd4 Nf6 9. d5 Nb8 10. Nc3 Bg7 11. e5 dxe5 12. Nxe5 Qf5 13. Re1 0-0 14. Nf3 Re8 15. Qb3 b6 16. Nb5 Na6 17. Qa3 Qc8 18. Rd1 Nc7 19. Nc3 Qf5 20. d6 exd6 21. Qxd6 Nb5 22. Nxb5 Qxb5 23. a4 Qe2 24. Be3 Rxe3 25. Nd4 Qxb2 26. fxe3 Re8 27. Qa3 Qxa3 28. Rxa3 Ng4 29. Nc2 Bf8 30. Rc3 Bc5 31. Rdd3 Re4 32. a5 Ra4 33. axb6 axb6 34. h3 Ne5 35. Rd5 Nc4 36. Kf2 Kg7 37. Kf3 Kf6 38. Nd4 Ne5+ 39. Ke2 Ra2+ 40. Rc2 Ra3 41. g4 h6 42. Rc1 Ra2+ 43. Rc2 Ra3 44. Kf2 Rd3 45. Re2 Nc4 46. h4 Rc3 47. g5+ hxg5 48. hxg5+ Ke7 49. Re1 f6 50. Ra1 fxg5 51. Re1 Kf6 52. Kf3 g4+ 53. Ke4 Nd6+ 54. Kf4 1-0

[Event "RUS Spartakiad U18"]
[Site "Kazan"]
[Date "2003.??.??"]
[Round "?"]
[White "Rjabzev, Konstantin"]
[Black "Nurmukhanov, Timur"]
[Result "1-0"]
[WhiteElo "2315"]
[BlackElo "2260"]
[PlyCount "61"]
[EventDate "2003.??.??"]
[EventType "team"]
[EventRounds "8"]
[EventCountry "RUS"]
[SourceTitle "EXT 2005"]
[Source "ChessBase"]
[SourceDate "2004.11.15"]
[SourceVersion "1"]
[SourceVersionDate "2004.11.15"]
[SourceQuality "1"]

1. e4 c5 2. Nf3 d6 3. d4 cxd4 4. Nxd4 Nf6 5. Nc3 g6 6. Be3 Bg7 7. f3 Nc6 8. Qd2 0-0 9. 0-0-0 Bd7 10. g4 a5 11. Nb3 Qc7 12. Bh6 Ne5 13. Bxg7 Kxg7 14. g5 Ne8 15. f4 Nc6 16. h4 Bg4 17. Be2 Bxe2 18. Qxe2 f5 19. h5 e6 20. hxg6 hxg6 21. exf5 exf5 22. Qh2 Rg8 23. Nd5 Qc8 24. Rde1 Kf7 25. Qe2 Qd7 26. Qc4 Kf8 27. Nd4 Nxd4 28. Re7 Qc6 29. Qxd4 Rc8 30. c3 Qc5 31. Rhh7 1-0